יידישע שפראכ (Запись № 13649487)
[ простой вид ]
| 000 -МАРКЕР | |
|---|---|
| контрольное поле | 01547nam0a22003731 4500 |
| 001 - ИДЕНТИФИКАТОР ЗАПИСИ | |
| контрольное поле | RU\NLR\Evr\710 |
| 005 - ИДЕНТИФИКАТОР ВЕРСИИ | |
| контрольное поле | 20260409002931.0 |
| 035 ## - ДРУГИЕ СИСТЕМНЫЕ НОМЕРА | |
| Идентификатор записи | (NLR Aleph) 011417104 |
| 100 ## - ДАННЫЕ ОБЩЕЙ ОБРАБОТКИ | |
| Данные общей обработки | 20061020d1940 u y0rusy50 ca |
| 101 0# - ЯЗЫК РЕСУРСА | |
| Язык текста, звукозаписи и т.д. | идиш |
| 102 ## - СТРАНА ПУБЛИКАЦИИ ИЛИ ПРОИЗВОДСТВА | |
| Страна публикации | Российская Федерация |
| 105 ## - ПОЛЕ КОДИРОВАННЫХ ДАННЫХ: ТЕКСТОВЫЕ МАТЕРИАЛЫ, МОНОГРАФИЧЕСКИЕ | |
| Кодированные данные о монографическом текстовом документе | a ||j|||001yy |
| 200 1# - ЗАГЛАВИЕ И СВЕДЕНИЯ ОБ ОТВЕТСТВЕННОСТИ | |
| Основное заглавие | יידישע שפראכ |
| Параллельное заглавие | Еврейська мова |
| Сведения, относящиеся к заглавию | לערנבוכ פארנ 1 קלאס |
| Первые сведения об ответственности | פראפ. א. זארעצקי, א. געלבמאנ, כ. לויצקער |
| Язык параллельного заглавия | украинский |
| 210 ## - ПУБЛИКАЦИЯ, РАСПРОСТРАНЕНИЕ И ДР. | |
| Место издания, распространения и т.д. | קיעוו |
| -- | לוואָוו |
| Имя издателя, распространителя и т. д. | מעלוכע-פארלאג פאר די נאציאָנאלע מינדערהייטנ אינ אוסרר |
| Дата издания, распространения и т.д. | 1940 |
| 210 ## - ПУБЛИКАЦИЯ, РАСПРОСТРАНЕНИЕ И ДР. | |
| Место издания, распространения и т.д. | Киев |
| -- | Львов |
| Имя издателя, распространителя и т. д. | Мелухе-фарлаг фар ди национале миндерхаитн ин усср |
| Дата издания, распространения и т.д. | 1940 |
| 215 ## - ФИЗИЧЕСКАЯ ХАРАКТЕРИСТИКА | |
| Специфическое обозначение материала и объем | 91 с. |
| Другие сведения о физической характеристике | ил. |
| Размеры | 22 см. |
| 510 1# - ПАРАЛЛЕЛЬНОЕ ЗАГЛАВИЕ | |
| Параллельное заглавие | Идише шпрах |
| Язык заглавия | идиш |
| 541 1# - ПЕРЕВОД ЗАГЛАВИЯ, СДЕЛАННЫЙ КАТАЛОГИЗАТОРОМ | |
| Заглавие | Еврейский язык |
| Сведения, относящиеся к заглавию | Книга для чтения в первом классе |
| 700 #1 - ИМЯ ЛИЦА - ПЕРВИЧНАЯ ОТВЕТСТВЕННОСТЬ | |
| Начальный элемент ввода | זארעצקי |
| Часть имени, кроме начального элемента ввода | .א |
| Код отношения | Автор |
| 701 #1 - ИМЯ ЛИЦА - АЛЬТЕРНАТИВНАЯ ОТВЕТСТВЕННОСТЬ | |
| Начальный элемент ввода | געלבמאן |
| Часть имени, кроме начального элемента ввода | .א |
| Код отношения | Автор |
| 701 #1 - ИМЯ ЛИЦА - АЛЬТЕРНАТИВНАЯ ОТВЕТСТВЕННОСТЬ | |
| Начальный элемент ввода | Гельбман |
| Часть имени, кроме начального элемента ввода | А. |
| Код отношения | Автор |
| 701 #1 - ИМЯ ЛИЦА - АЛЬТЕРНАТИВНАЯ ОТВЕТСТВЕННОСТЬ | |
| Начальный элемент ввода | לויצקער |
| Часть имени, кроме начального элемента ввода | .כ |
| Код отношения | Автор |
| 701 #1 - ИМЯ ЛИЦА - АЛЬТЕРНАТИВНАЯ ОТВЕТСТВЕННОСТЬ | |
| Начальный элемент ввода | Лойцкер |
| Часть имени, кроме начального элемента ввода | Х. |
| Даты | 1898-1970 |
| Расширение инициалов личного имени | Хаим |
| Код отношения | Автор |
| 790 #1 - ИМЯ ЛИЦА - АЛЬТЕРНАТИВНАЯ ФОРМА | |
| Начальный элемент ввода | Зарецький |
| Часть имени, кроме начального элемента ввода | А. И. |
| Даты | 1891-1956 |
| Расширение инициалов личного имени | Айзик Израилевич |
| Код отношения | Автор |
| 801 #0 - ИСТОЧНИК ЗАПИСИ | |
| Страна | Российская Федерация |
| Организация | NLR |
| Дата составления | 20061020 |
| Правила каталогизации | psbo |
| 801 #0 - ИСТОЧНИК ЗАПИСИ | |
| Страна | Российская Федерация |
| Организация | NLR |
| Правила каталогизации | PSBO |
| 801 #1 - ИСТОЧНИК ЗАПИСИ | |
| Страна | Российская Федерация |
| Организация | NLR |
| Дата составления | 20061020 |
| Источник данных | rusmarc |
| 801 #2 - ИСТОЧНИК ЗАПИСИ | |
| Страна | Российская Федерация |
| Организация | NLR |
| Дата составления | 20070814 |
| Источник данных | rusmarc |
| 852 ## - МЕСТОНАХОЖДЕНИЕ И ШИФР ХРАНЕНИЯ | |
| Идентификатор организации | NLR |
| Наименование фонда или коллекции (Sub-Location Identifier) | ОЛСАА-идиш |
| Шифр хранения (Call Number) | М-2427 |
| 942 ## - ДОПОЛНИТЕЛЬНЫЕ ЭЛЕМЕНТЫ ЗАПИСИ (АБИС) | |
| Тип экземпляра АБИС | Книга |
| 980 1# - КОЛЛЕКЦИЯ | |
| Название коллекции | |
| 980 ## - КОЛЛЕКЦИЯ | |
| Название коллекции | Национальная библиография |
Нет доступных экземпляров.